000 00487nam a22001817a 4500
005 20251108165035.0
008 250721s1985 xx 000 0 ara d
082 1 4 _a928.1/أحم
100 1 _aأمين، حسين أحمد
245 1 0 _aفي بيت أحمد أمين /
264 1 _aبيروت :
_bدار الهلال،
_c1985.
300 _a188ص
490 0 _aكتاب الهلال
650 1 7 _aالتراجم
650 1 7 _aالأدباء
942 _2ddc
_cBK
999 _c20633
_d20633